header

Diary of a Spitfire Pilot (Record no. 98280)

MARC details
000 -LEADER
fixed length control field 01467nam a2200361Ia 4500
082 04 - DEWEY DECIMAL CLASSIFICATION NUMBER
Classification number 940.54/4994
100 1# - MAIN ENTRY--AUTHOR NAME
Personal name Mawer, Granville Allen,
245 10 - TITLE STATEMENT
Title Diary of a Spitfire Pilot
260 ## - PUBLICATION, DISTRIBUTION, ETC. (IMPRINT)
Place of publication Dural Delivery Centre, N.S.W. :
Name of publisher Rosenberg Pub.,
Year of publication 2011.
300 ## - PHYSICAL DESCRIPTION
Number of Pages 224 p. :
Other physical details ill., maps.
500 ## - GENERAL NOTE
General note Includes index.
650 #0 - SUBJECT ADDED ENTRY--TOPICAL TERM
Topical Term Fighter pilots
Topical Term Spitfire (Fighter plane)
Topical Term World War, 1939-1945
Topical Term World War, 1939-1945
856 40 - ELECTRONIC LOCATION AND ACCESS
Uniform Resource Identifier http://site.ebrary.com/lib/rucke/Doc?id=10601787

No items available.

© 2026 Rongo University
Contact us: librarian | system librarian | Rongo university